Guess the country with the hint(s)#2 - Statistics

General Stats
  • This quiz has been taken 48 times
  • The average score is 16 of 20
Answer Stats
Hints Answer % Correct
Begins with be ends with rus Belarus
100%
Begins with ch ends with d Chad
100%
Begins with ru ends with sia Russia
100%
Begins with pa ends with uay Paraguay
97%
Begins with po ends with and Poland
97%
Begins with ch ends with a China
94%
Begins with po ends with gal Portugal
94%
Begins with ch ends with e Chile
86%
Begins with do ends with ica Dominica
86%
*Begins with iv ends with ast* Ivory coast
83%
Begins with ma ends with car Madagascar
83%
Begins with ni ends with gua Nicaragua
83%
Begins with na ends with ru Nauru
78%
*Begins with ea ends with mor* East timor
75%
Begins with su ends with ame Suriname
75%
Begins with St ends with vis St kitts and nevis
64%
Begins with St ends with nes St vincent and the grenadines
58%
Begins with no ends with nia North Macedonia
56%
Begins with un ends with ica United states of America
56%
Begins with ma ends with nds Marshall islands
47%
No matching quizzes found
Score Distribution
Percent of People with Each Score
Percentile by Number Answered
Your Score History
You have not taken this quiz